Responses for Show #5843 - Wednesday, January 27, 2010

Contestants

[<< previous game]

James Poulos, a grad student and writer from Arlington, Virginia

Kelly Lathrop, an art historian from Landisville, Pennsylvania

Anna Tschetter, a legal assistant from Danvers, Massachusetts (whose 1-day cash winnings total $3,400)

[next game >>]

Jeopardy! Round responses

MEDICAL MATTERS
"OO" WHO?
LET'S PUNCTUATE
OPERA GLOSS
IT'S NO WHITE
THE 7 DWARFS
    $200 16
migraine

James
    $200 5
Teddy Roosevelt

James
    $200 21
a period

James
    $200 1
prima donna

James
    $200 15
blue

Kelly
    $200 26
Doc

Kelly
    $400 17
hyperactivity

James
    $400 6
Andy Rooney

Anna
    $400 22
an apostrophe

James
    $400 7
(Anna: What are trees?)

the witches

AnnaJames
    $400 11
a raven

Anna
    $400 27
Dopey

James
    $600 18
mad-cow disease

Anna
    $600 4
(Robert) Moog

Kelly
    $600 23
a hyphen

Kelly
    $600 8
gondoliers

Anna
    $1,000 12
flax

Anna
    $600 28
Bashful

Kelly
    $800 19
emphysema

James
    $800 2
(James) Doolittle

James
    $800 24
a colon

James
    $800 9
(Kelly: What is an overture?)

an interlude (or intermezzo)

Kelly
Triple Stumper
    $800 13
(James: What is ink?)
(Kelly: What is sienna?)

sepia

KellyJames
Triple Stumper
    $800 29
Sleepy

Kelly
    $1000 20
macular degeneration

Anna
    $1000 3
Peggy Noonan

Triple Stumper
    $1000 25
a semicolon

Anna
    $1000 10
(Richard) Wagner

James
    $1000 14
green

Triple Stumper
    $1000 30
Happy

Kelly

Scores at the first commercial break (after clue 14):

Anna Kelly James
$2,000 -$1,000 $1,800

Scores at the end of the Jeopardy! Round:

Anna Kelly James
$4,600 $2,400 $5,000

Double Jeopardy! Round responses

THE FRENCH REVOLUTION
AN ALL-EDDIE BEFORE & AFTER
THEY NAMED A CITY FOR ME IN...
(Alex: You have to tell us which state.)
THIS OLD HOUSE 30th ANNIVERSARY
MYSTERY FICTION
YOU'VE MET YOUR "MATCH"
    $400 6
the Bastille

James
    $400 21
an Eddie Murphy bed

James
    $400 16
North Carolina

Anna
    $400 1
(Anna: What is a Queen Anne?)
(James: What is Georgian?)

Victorian

AnnaKellyJames
    $400 26
Milne

Anna
    $400 11
match point

Anna
    $800 7
Louis XVI

James
    $800 22
Eddie Money is the root of all evil

James
    $800 17
Arizona

Kelly
    $800 2
San Francisco

Kelly
    $800 27
(Agatha) Christie

Anna
    $800 12
matchless

James
    $1200 8
departments

Triple Stumper
    $1200 23
Eddie Robinson Crusoe

Kelly
    $1200 18
California

James
    $1200 3
(James: What is Hurricane Hugo?)

Hurricane Andrew

AnnaJames
    $1200 28
Gypsy Rose Lee

Kelly
    $1200 13
matching funds

James
    $3,000 9
(James: Who is Robespierre?)

Napoleon Bonaparte

James
    $1600 24
Eddie Murray Head

Triple Stumper
    $2,200 19
(Alex: Vicksburg, [*], right you are.)

Mississippi

James
    $1600 4
(Kelly: Who is Norm Abrams?)

Norm Abram

Kelly
Triple Stumper
    $1600 29
[The end-of-round signal sounds.]

Policeman

Triple Stumper
    $1600 14
Matchbox

James
    $2000 10
Charlotte Corday

Triple Stumper
    $2000 25
(Anna: What is Eddie John Shart--Sartre?)

Eddie Albert Camus

Anna
Triple Stumper
    $2000 20
(Anna: What is Colorado?)
...
(Alex: Casper, [*], even though they spell it differently.)

Wyoming

AnnaKelly
    $2000 5
foreclosures

James
    $2000 15
the matchlock

Triple Stumper

Scores at the end of the Double Jeopardy! Round:

Anna Kelly James
$3,400 $7,200 $11,800

[wagering suggestions for these scores]

Final Jeopardy! Round responses

THE 1960s
(Alex: And they were doing it so they could be noticed by this American who was orbiting in space at the time.)
AnnaWho is Edison?
$2,000
KellyWho is JFK?
$5,000
JamesWho is Morse?
$4,200
John Glenn

Final scores:

Anna Kelly James
$1,400 $2,200 $7,600
3rd place: $1,000 2nd place: $2,000 New champion: $7,600

Game dynamics:

Coryat scores:

Anna Kelly James
$3,000 $7,200 $14,200
12 R
(including 1 DD),
4 W
13 R,
3 W
22 R
(including 1 DD),
4 W
(including 1 DD)

Combined Coryat: $24,400

[game clues] [game scores] [suggest correction]

Game tape date: 2009-12-02
The J! Archive is created by fans, for fans. Scraping, republication, monetization, and malicious use prohibited; this site may use cookies and collect identifying information. See terms. The Jeopardy! game show and all elements thereof, including but not limited to copyright and trademark thereto, are the property of Jeopardy Productions, Inc. and are protected under law. This website is not affiliated with, sponsored by, or operated by Jeopardy Productions, Inc. Join the discussion at JBoard.tv.